| 000 | 00555nam a2200121Ia 4500 | ||
|---|---|---|---|
| 008 | 171212s9999 xx 000 0 und d | ||
| 020 | _a9780833088659 | ||
| 100 | _aFriedman, Esther M.;Miller, Laura L.;Evans, Sarah E. | ||
| 245 |
_cFriedman, Esther M.;Miller, Laura L.;Evans, Sarah E. _aAdvancing the Careers of Military Spouses _bAn Assessment of Education and Employment Goals and Barriers Facing Military Spouses Eligible for MyCAA |
||
| 260 |
_bRAND Corporation _c2015 |
||
| 650 | _aBusiness | ||
| 856 | _uhttp://www.jstor.org/stable/10.7249/j.ctt14bs3p1 | ||
| 999 |
_c351683 _d351683 |
||